| 000 | 00640nam a2200205 a 4500 | ||
|---|---|---|---|
| 001 | SSB003153 | ||
| 005 | 20141001100121.0 | ||
| 008 | |||
| 020 | _a9780077117399 | ||
| 050 |
_aTS 176 _b.J738 2009 |
||
| 100 | _aJonsson, Patrik. | ||
| 245 | 0 |
_aManufacturing planning and control / _cPatrik Jonsson and Stig-Arne Mattsson. |
|
| 260 |
_aLondon : _bMcGraw-Hill Higher Education, _c2009. |
||
| 300 |
_a468 pages : _billustrations ; _c25 cm. |
||
| 500 | _aIncludes index. | ||
| 650 | _aProduction planning. | ||
| 650 | _aProduction control. | ||
| 700 | _aMattsson, Stig-Arne. | ||
| 942 |
_2lcc _cBK _kFOR |
||
| 999 |
_c275983 _d275983 |
||